[Event "Sachsen-Anhalt Landesliga-B 1920"]
[Site "Sachsen Anhalt"]
[Date "2020.10.18"]
[Round "9.6"]
[White "Reckner, Jens"]
[Black "Walter, Axel"]
[Result "1-0"]
[WhiteElo "1665"]
[BlackElo "1442"]
[PlyCount "91"]
[EventDate "2019.09.29"]
[EventType "team-tourn"]
[EventRounds "9"]
[EventCountry "GER"]
[SourceTitle "EXT 2023"]
[Source "ChessBase"]
[SourceDate "2022.10.05"]
[SourceVersion "1"]
[SourceVersionDate "2022.10.05"]
[SourceQuality "1"]
[WhiteTeam "Hettstedt"]
[BlackTeam "Bad Schmiedeberg"]
[WhiteTeamCountry "GER"]
[BlackTeamCountry "GER"]

1. d4 d5 2. Bf4 Nc6 3. e3 Nf6 4. Nd2 g6 5. Be2 Bg7 6. c3 0-0 7. h4 h5 8. Ngf3 Ne4 9. Qc2 Bf5 10. Bd3 Nxd2 11. Qxd2 Bxd3 12. Qxd3 Qd7 13. 0-0-0 a6 14. Rdg1 Qf5 15. Qxf5 gxf5 16. Bxc7 Rac8 17. Bf4 f6 18. Kd2 b5 19. b4 a5 20. a3 Ra8 21. Ra1 Ra6 22. a4 Na7 23. Rhb1 Rc8 24. axb5 Nxb5 25. Rxa5 Rxa5 26. bxa5 Nxc3 27. Rb8 Rxb8 28. Bxb8 Nb5 29. a6 e6 30. a7 Nxa7 31. Bxa7 Kf7 32. Bc5 Ke8 33. Kc3 Kd7 34. Ne1 e5 35. Nd3 f4 36. exf4 e4 37. Nc1 f5 38. Ne2 Bf6 39. g3 Bd8 40. Kb4 Bf6 41. Kb5 Bd8 42. Nc3 Ke6 43. Na4 Bf6 44. Kc6 Bg7 45. Nb6 Bh6 46. Nxd5 1-0

[Event "Sachsen-Anhalt Landesliga-B 1920"]
[Site "Sachsen Anhalt"]
[Date "2019.10.20"]
[Round "2.6"]
[White "Reckner, Jens"]
[Black "Heppner, Rene"]
[Result "0-1"]
[WhiteElo "1665"]
[BlackElo "1883"]
[PlyCount "36"]
[EventDate "2019.09.29"]
[EventType "team-tourn"]
[EventRounds "9"]
[EventCountry "GER"]
[SourceTitle "EXT 2023"]
[Source "ChessBase"]
[SourceDate "2022.10.05"]
[SourceVersion "1"]
[SourceVersionDate "2022.10.05"]
[SourceQuality "1"]
[WhiteTeam "Hettstedt"]
[BlackTeam "Halle USV III"]
[WhiteTeamCountry "GER"]
[BlackTeamCountry "GER"]

1. d4 Nf6 2. Bf4 c5 3. e3 Qb6 4. b3 d5 5. c3 Nc6 6. Bd3 Bg4 7. f3 Bh5 8. Ne2 Bg6 9. dxc5 Qxc5 10. b4 Qb6 11. Bxg6 hxg6 12. Qd3 e6 13. Bg3 Rc8 14. a4 Bxb4 15. Qb5 Bc5 16. Qxb6 Bxb6 17. Nd4 Nxd4 18. exd4 Bxd4 0-1

[Event "Blankenburg op-B 13th"]
[Site "Blankenburg"]
[Date "2005.10.01"]
[Round "2"]
[White "Fritsch, Kevin"]
[Black "Reckner, Jens"]
[Result "0-1"]
[WhiteElo "869"]
[BlackElo "1458"]
[PlyCount "80"]
[EventDate "2005.09.30"]
[EventType "swiss"]
[EventRounds "7"]
[EventCountry "GER"]
[SourceTitle "EXT 2007"]
[Source "ChessBase"]
[SourceDate "2006.11.23"]
[SourceVersion "1"]
[SourceVersionDate "2006.11.23"]
[SourceQuality "1"]

1. e4 c5 2. Bc4 e6 3. Nc3 Nc6 4. Nf3 a6 5. 0-0 b5 6. Be2 Bb7 7. d4 cxd4 8. Nxd4 Bc5 9. Be3 Qb6 10. Nxc6 Bxe3 11. Nb4 Bd4 12. Bf3 a5 13. Nd3 Rc8 14. Ne2 Bf6 15. c3 Bg5 16. Ne5 d6 17. Nd3 Ne7 18. Nd4 0-0 19. e5 d5 20. Qb3 Ba6 21. Be2 b4 22. cxb4 Qxd4 23. bxa5 Rb8 24. Qc3 Qxc3 25. bxc3 Rfc8 26. f4 Bh6 27. Rfc1 Nc6 28. g4 Bxd3 29. Bxd3 Bxf4 30. Rf1 Bxe5 31. Rac1 Nxa5 32. Rf3 Nc4 33. Rh3 g6 34. Rf3 Rb2 35. Rcf1 Rc7 36. Rd1 Bxh2+ 37. Kh1 Be5 38. Bxc4 Rxc4 39. Rdf1 Rc7 40. Rh3 Rxc3 0-1

[Event "Blankenburg op-B 13th"]
[Site "Blankenburg"]
[Date "2005.10.01"]
[Round "3"]
[White "Schuster, Rudolf"]
[Black "Reckner, Jens"]
[Result "0-1"]
[WhiteElo "1650"]
[BlackElo "1458"]
[PlyCount "90"]
[EventDate "2005.09.30"]
[EventType "swiss"]
[EventRounds "7"]
[EventCountry "GER"]
[SourceTitle "EXT 2007"]
[Source "ChessBase"]
[SourceDate "2006.11.23"]
[SourceVersion "1"]
[SourceVersionDate "2006.11.23"]
[SourceQuality "1"]

1. e4 c5 2. c3 d6 3. d4 cxd4 4. cxd4 g6 5. Nc3 Bg7 6. Bc4 Nc6 7. Nge2 Nf6 8. f3 0-0 9. 0-0 a6 10. Be3 b5 11. Bb3 Na5 12. d5 Nxb3 13. axb3 Bb7 14. Qd2 Nd7 15. Bd4 Rc8 16. Bxg7 Kxg7 17. Qd4+ Kg8 18. Rfc1 Nc5 19. Qd1 Qb6 20. Kf1 a5 21. Nd4 Ba6 22. Nc6 b4+ 23. Ne2 Nd3 24. Qxd3 Bxd3 25. Nxe7+ Kg7 26. Rxc8 Rxc8 27. Nxc8 Qc7 28. Nxd6 Qxd6 29. Rd1 Bc2 30. Rd2 Bxb3 31. Nd4 Bc4+ 32. Kg1 Qc5 33. d6 Be6 34. Kf2 Kf8 35. Ke2 Bc4+ 36. Kd1 Qxd6 37. Nf5 Qb6 38. Nd6 Be6 39. Ke2 a4 40. h3 a3 41. bxa3 bxa3 42. f4 a2 43. f5 a1Q 44. fxe6 Qaa6+ 45. Kf3 Qxd6 0-1